[Event "FIDE World Rapid-ch Open 2018"]
[White "Khusnutdinov, Rustam"]
[Black "Shirov, Alexei"]
[Site "St. Petersburg"]
[Round "9.29"]
[Annotator "ChessBase"]
[Result "1/2-1/2"]
[Date "2018.12.27"]
[WhiteElo "2470"]
[BlackElo "2643"]
[PlyCount "96"]
[TimeControl "900+10"]

1. e4 {[%emt 0:0:0]} e5 {[%emt 0:0:0]} 2. Nf3 {[%emt 0:0:0]} Nc6 {[%emt 0:0:0]
} 3. Bb5 {[%emt 0:0:0]} a6 {[%emt 0:0:0]} 4. Ba4 {[%emt 0:0:0]} Nf6 {[%emt 0:0:0]} 5. 0-0 {[%emt 0:0:5]} b5 {[%emt 0:0:0]} 6. Bb3 {[%emt 0:0:1]
} Bc5 {[%emt 0:0:0]} 7. c3 {[%emt 0:0:16]} d6 {[%emt 0:0:0]} 8. a4 {[%emt 0:0:3]} Rb8 {[%emt 0:0:0]} 9. d4 {[%emt 0:0:27]} Bb6 {[%emt 0:0:1]
} 10. a5 {[%emt 0:0:12]} Ba7 {[%emt 0:0:2]} 11. Be3 {[%emt 0:0:0]} Bg4 {[%emt 0:0:19]} 12. Nbd2 {[%emt 0:0:35]} 0-0 {[%emt 0:3:52]} 13. Qe1 {[%emt 0:1:28]} h6 {[%emt 0:3:33]} 14. dxe5 {[%emt 0:2:46]} Bxe3 {[%emt 0:0:2]
} 15. Qxe3 {[%emt 0:0:2]} Nxe5 {[%emt 0:1:53]} 16. Nxe5 {[%emt 0:0:57]
} dxe5 {[%emt 0:0:1]} 17. f3 {[%emt 0:0:1]} Bd7 {[%emt 0:0:0]} 18. Qc5 {[%emt 0:0:24]} Re8 {[%emt 0:1:44]} 19. Rfd1 {[%emt 0:0:1]} Qc8 {[%emt 0:0:1]} 20. Ba2 {[%emt 0:1:59]} Be6 {[%emt 0:2:32]} 21. Bxe6 {[%emt 0:0:45]
} Rxe6 {[%emt 0:0:7]} 22. Nb3 {[%emt 0:2:8]} Nd7 {[%emt 0:0:0]} 23. Qf2 {[%emt 0:0:2]} Rd6 {[%emt 0:0:2]} 24. Rd2 {[%emt 0:2:33]} Rxd2 {[%emt 0:1:14]} 25. Qxd2 {[%emt 0:0:1]} c5 {[%emt 0:0:2]} 26. Rd1 {[%emt 0:0:1]
} Rb7 {[%emt 0:0:0]} 27. Qd6 {[%emt 0:0:8]} c4 {[%emt 0:0:0]} 28. Nc1 {[%emt 0:0:2]} Qc5+ {[%emt 0:0:38]} 29. Qxc5 {[%emt 0:0:17]} Nxc5 {[%emt 0:0:2]} 30. Rd5 {[%emt 0:0:0]} Na4 {[%emt 0:0:6]} 31. Rxe5 {[%emt 0:2:41]
} Nxb2 {[%emt 0:0:8]} 32. Rd5 {[%emt 0:0:13]} b4 {[%emt 0:0:0]} 33. cxb4 {[%emt 0:0:5]} Rxb4 {[%emt 0:0:1]} 34. Kf2 {[%emt 0:0:16]} c3 {[%emt 0:1:25]} 35. Ke3 {[%emt 0:0:26]} Ra4 {[%emt 0:0:12]} 36. Rc5 {[%emt 0:0:13]
} Rxa5 {[%emt 0:0:19]} 37. Rxa5 {[%emt 0:0:48]} Nc4+ {[%emt 0:0:0]} 38. Kd4 {[%emt 0:0:0]} Nxa5 {[%emt 0:0:1]} 39. Kxc3 {[%emt 0:0:1]
} Kf8 {[%emt 0:0:2]} 40. Nd3 {[%emt 0:0:15]} Nb7 {[%emt 0:0:35]} 41. Kc4 {[%emt 0:0:47]
} Ke7 {[%emt 0:0:7]} 42. Kd5 {[%emt 0:0:1]} a5 {[%emt 0:0:0]} 43. Nc5 {[%emt 0:0:25]} Nd6 {[%emt 0:0:20]} 44. Na4 {[%emt 0:0:23]} Nb5 {[%emt 0:0:6]} 45. Kc4 {[%emt 0:0:19]} Na3+ {[%emt 0:0:5]} 46. Kb3 {[%emt 0:0:4]
} Nb5 47. Kc4 Na3+ {[%emt 0:0:7]} 48. Kb3 {[%emt 0:0:2]} Nb5 1/2-1/2

[Event "FIDE World Rapid-ch Open 2018"]
[White "Fedoseev, Vladimir"]
[Black "Frolyanov, Dmitry"]
[Site "St. Petersburg"]
[Round "9.30"]
[Annotator "RC"]
[Result "1-0"]
[Date "2018.12.27"]
[WhiteElo "2719"]
[BlackElo "2517"]
[PlyCount "87"]
[TimeControl "900+10"]

1. d4 {[%emt 0:3:53]} d5 {[%emt 0:0:0]} 2. Nf3 {[%emt 0:0:2]} Nf6 {[%emt 0:0:0]
} 3. Bg5 {[%emt 0:0:4]} e6 {[%emt 0:0:2]} 4. Nbd2 {[%emt 0:0:0]} c5 {[%emt 0:0:22]} 5. c3 {[%emt 0:0:8]} Nc6 {[%emt 0:0:12]} 6. e3 {[%emt 0:0:7]
} Be7 {[%emt 0:0:35]} 7. Bd3 {[%emt 0:0:18]} b6 {[%emt 0:0:11]
} 8. Ne5 {[%emt 0:0:5]} Nxe5 {[%emt 0:0:18]} 9. dxe5 {[%emt 0:0:1]} Nd7 {[%emt 0:0:4]
} 10. Bxe7 {[%emt 0:0:2]} Qxe7 {[%emt 0:0:2]} 11. f4 {[%emt 0:0:1]
} Bb7 {[%emt 0:0:35]} 12. 0-0 {[%emt 0:0:4]} 0-0-0 {[%emt 0:0:0]} 13. Qe2 {[%emt 0:1:54]} f6 {[%emt 0:1:52]} 14. exf6 {[%emt 0:0:5]} Nxf6 {[%emt 0:0:4]} 15. Nf3 {[%emt 0:0:37]} Nd7 {[%emt 0:0:53]} 16. Bb5 {[%emt 0:0:19]
} Kb8 {[%emt 0:0:34]} 17. a4 {[%emt 0:0:2]} a5 {[%emt 0:1:24]
} 18. b4 {[%emt 0:0:48]} cxb4 {[%emt 0:0:11]} 19. cxb4 {[%emt 0:0:2]} Qxb4 {[%emt 0:0:15]} 20. Rab1 {[%emt 0:0:2]} Qd6 {[%emt 0:0:10]} 21. Ng5 {[%emt 0:0:37]
} Rhf8 {[%emt 0:1:50]} 22. Nxh7 {[%emt 0:0:18]} Rf7 {[%emt 0:0:0]} 23. Ng5 {[%emt 0:0:3]} Re7 {[%emt 0:0:5]} 24. Rbd1 {[%emt 0:1:33]} Nc5 {[%emt 0:0:20]} 25. Nf3 {[%emt 0:1:29]} Rc7 {[%emt 0:1:0]} 26. Nd4 {[%emt 0:1:0]
} e5 {[%emt 0:0:58]} 27. fxe5 {[%emt 0:0:15]} Qxe5 {[%emt 0:0:0]} 28. Rf5 {[%emt 0:0:2]} Qd6 {[%emt 0:0:32]} 29. Rdf1 {[%emt 0:0:23]} Rh8 {[%emt 0:0:9]} 30. Rh5 {[%emt 0:0:21]} Rxh5 {[%emt 0:0:6]} 31. Qxh5 {[%emt 0:0:2]
} Ne4 {[%emt 0:0:19]} 32. Qh8+ {[%emt 0:0:16]} Rc8 {[%emt 0:0:0]} 33. Qxg7 {[%emt 0:0:5]} Nd2 {[%emt 0:0:54]} 34. Rd1 {[%emt 0:0:20]} Nc4 {[%emt 0:0:10]} 35. Qg5 {[%emt 0:1:20]} Ka8 {[%emt 0:1:18]} 36. h4 {[%emt 0:0:19]
} Qa3 {[%emt 0:0:11]} 37. Nf5 {[%emt 0:0:41]} Qb3 {[%emt 0:0:0]} 38. Rd4 {[%emt 0:0:14]} Rf8 {[%emt 0:0:42]} 39. Kh2 {[%emt 0:0:14]} Qb1 {[%emt 0:0:14]} 40. Rf4 {[%emt 0:1:38]} Qe1 {[%emt 0:0:55]} 41. Qg3 {[%emt 0:0:43]
} Qc3 {[%emt 0:0:13]} 42. Bxc4 {[%emt 0:0:3]} dxc4 {[%emt 0:0:0]} 43. Nd6 {[%emt 0:0:1]} Rxf4 {[%emt 0:0:40]} 44. Qg8+ {[%emt 0:0:5]
} 1-0

[Event "FIDE World Rapid-ch Open 2018"]
[White "Rakhmanov, Aleksandr"]
[Black "Aronian, Levon"]
[Site "St. Petersburg"]
[Round "9.31"]
[Annotator "TA"]
[Result "1-0"]
[Date "2018.12.27"]
[WhiteElo "2629"]
[BlackElo "2765"]
[PlyCount "137"]

1. c4 {} Nf6 2. Nc3 e5 3. e3 Bb4 4. Nge2 0-0 5. a3 Be7 6. d4 exd4 {LiveBook: 28 Games} 7. exd4 {
A22: English Opening: 1...e5 2 Nc3 Nf6} (7. Qxd4 Nc6 8. Qd1 Ne5 9. Nf4 c6 10. Be2 Ng6 11. Nh5 Nxh5 12. Bxh5 d6 13. 0-0 Be6 14. b3 Bf6 {1/2-1/2 (55) Carlsen,
M (2837)-Grigoriants,S (2561) Riadh 2017} )d5 8. Nf4 {} Re8 9. Be3 { The position is equal.} Ng4 $146 ({Predecessor:} 9... c6 10. cxd5 Nxd5 11. Ncxd5 cxd5 12. Bd3 Bg5 13. 0-0 Nc6 14. Qf3 Be6 15. Nxe6 Rxe6 {
1-0 (52) Illingworth,M (2458)-Jones,R (2384) Sydney 2016} )10. Qf3 c5 11. 0-0-0 Nc6 {} 12. Ncxd5 (12. Nfxd5 $14 cxd4 13. Bxd4 )cxd4 $15 13. Nxe7+ Rxe7 14. Bd2 (14. Nd5 $15 dxe3 15. Nxe3 )Nce5 15. Qg3 Nf6 16. Bb4 Re8 17. Nd5 Ne4 ({Reject} 17... Nxd5 $6 18. Rxd4 Nxc4 19. Bxc4 $14 )18. Qf4 Ng6 19. Qc7 Qh4 20. Rxd4 {aiming for Bd3.} Bf5 {White must
now prevent ...Rac8.} 21. Bd3 Qxf2 { [#] Double Attack} 22. Bxe4 Rxe4 23. Rd2 $132 { White is fighting back} Qh4 24. b3 Rae8 {Hoping for .
..Re1+.} 25. Rhd1 ({Of course not} 25. Qxb7 Re1+ 26. Rxe1 Qxe1+ 27. Rd1 Qe5 $17 )Kh8 $2 {} (25... Re1 $11 {and Black stays safe.} 26. Qg3 Rxd1+ 27. Kxd1 Qxg3 28. hxg3 f6 )26. Qxf7 $18 Bg4 {[#]} 27. Bc3 $1 {
} Qh6 28. Rf1 Re2 29. h3 Bc8 30. Nf4 $2 (30. Kb1 $18 {
and White stays clearly on top. Threatening mate with Rxe2.} R2e6 31. Nc7 )R2e7 $16 31. Nxg6+ hxg6 32. Qf4 {Qxh6+ would kill now.} Kh7 33. Qxh6+ gxh6 34. a4 h5 35. Kb2 Bf5 36. Bd4 a6 37. Kc3 Rd7 38. Rf4 Re4 39. Rxe4 Bxe4 {
 Endgame KRB-KRB} 40. b4 g5 41. Re2 Bf5 42. b5 axb5 43. axb5 ({
Don't take} 43. cxb5 Rc7+ 44. Kb3 h4 $16 )Kg6 44. Re5 (44. c5 $18 )Rd6 45. Re7 {Rg7+ is the strong threat.} Rd7 46. Re8 g4 (46... h4 $16 {might
work better.} 47. c5 Kf7 )47. h4 $18 Rd6 48. g3 Kf7 49. Re5 Bg6 50. Rc5 {
And now Rc7+ would win.} Re6 51. Be5 Re7 52. Bf4 Ke6 53. Kb4 Kd7 54. Ka5 Rh7 $2 (54... Ke8 55. Kb6 Be4 56. Rxh5 Re6+ 57. Kc5 Bf3 )55. Kb6 Ke6 56. Bc7 Kd7 57. Kxb7 Be4+ 58. Kb6 Rh6+ 59. Ka5 Rh8 60. Bf4 Bf3 61. Rc7+ Ke6 62. c5 {} Kd5 63. c6 Kc5 64. Be3+ Kc4 65. Rf7 Re8 66. Ba7 Re5 67. Rf4+ Kd5 68. c7 Re8 69. Rd4+ {Accuracy: White = 71%, Black = 30%.} 1-0

[Event "FIDE World Rapid-ch Open 2018"]
[White "Mamedov, Rauf"]
[Black "Bosiocic, Marin"]
[Site "St. Petersburg"]
[Round "9.32"]
[Annotator "ChessBase"]
[Result "1/2-1/2"]
[Date "2018.12.27"]
[WhiteElo "2703"]
[BlackElo "2599"]
[PlyCount "151"]
[TimeControl "900+10"]

1. e4 {[%emt 0:2:12]} e5 {[%emt 0:0:0]} 2. Bc4 {[%emt 0:0:3]} Nf6 {[%emt 0:0:5]
} 3. d3 {[%emt 0:0:1]} Nc6 {[%emt 0:0:1]} 4. Nc3 {[%emt 0:0:0]} Bb4 {[%emt 0:0:13]} 5. Nge2 {[%emt 0:0:32]} Na5 {[%emt 0:0:28]} 6. Bb3 {[%emt 0:0:6]} Nxb3 {[%emt 0:0:11]} 7. axb3 {[%emt 0:0:2]} d5 {[%emt 0:0:0]} 8. exd5 {[%emt 0:0:8]} Nxd5 {[%emt 0:0:14]} 9. 0-0 {[%emt 0:0:3]} 0-0 {[%emt 0:0:8]} 10. Bd2 {[%emt 0:0:14]} Be7 {[%emt 0:0:16]} 11. Re1 {[%emt 0:0:19]
} Nb4 {[%emt 0:1:8]} 12. Ng3 {[%emt 0:0:29]} f6 {[%emt 0:0:0]} 13. f4 {[%emt 0:0:10]} Bc5+ {[%emt 0:0:7]} 14. Kh1 {[%emt 0:0:8]} Bf2 {[%emt 0:0:19]} 15. Re4 {[%emt 0:0:51]} c5 {[%emt 0:2:17]} 16. fxe5 {[%emt 0:0:34]
} Bxg3 {[%emt 0:0:4]} 17. hxg3 {[%emt 0:0:2]} Bf5 {[%emt 0:0:0]} 18. Re1 {[%emt 0:0:32]} fxe5 {[%emt 0:0:2]} 19. Ne4 {[%emt 0:1:45]} b6 {[%emt 0:0:1]} 20. Bxb4 {[%emt 0:0:58]} cxb4 {[%emt 0:0:0]} 21. Qd2 {[%emt 0:1:17]
} a5 {[%emt 0:0:1]} 22. Qe3 {[%emt 0:0:19]} Rc8 {[%emt 0:0:0]} 23. Re2 {[%emt 0:0:6]} Rc6 {[%emt 0:0:14]} 24. Kg1 {[%emt 0:0:4]} Qd4 {[%emt 0:0:29]} 25. c4 {[%emt 0:2:31]} bxc3 {[%emt 0:0:44]} 26. bxc3 {[%emt 0:0:4]
} Qxe3+ {[%emt 0:0:5]} 27. Rxe3 {[%emt 0:0:1]} Bxe4 {[%emt 0:0:0]} 28. dxe4 {[%emt 0:0:0]} Rd8 {[%emt 0:0:9]} 29. b4 {[%emt 0:0:18]} axb4 {[%emt 0:0:44]} 30. cxb4 {[%emt 0:0:0]} Rd4 {[%emt 0:0:39]} 31. b5 {[%emt 0:0:26]
} Rf6 {[%emt 0:0:22]} 32. g4 {[%emt 0:1:42]} Rb4 {[%emt 0:0:0]} 33. g5 {[%emt 0:0:3]} Rf8 {[%emt 0:2:28]} 34. Ra7 {[%emt 0:0:40]} Rxb5 {[%emt 0:0:1]} 35. Rd3 {[%emt 0:0:9]} Rb1+ {[%emt 0:0:3]} 36. Kh2 {[%emt 0:0:1]
} Rbf1 {[%emt 0:0:1]} 37. Re7 {[%emt 0:0:1]} b5 {[%emt 0:0:0]} 38. Rd5 {[%emt 0:0:8]} R1f7 {[%emt 0:0:42]} 39. Rexe5 {[%emt 0:0:9]} Rb7 {[%emt 0:0:8]} 40. Rxb5 {[%emt 0:0:2]} Rxb5 {[%emt 0:0:0]} 41. Rxb5 {[%emt 0:0:1]
} Re8 {[%emt 0:0:8]} 42. e5 {[%emt 0:0:6]} Kf7 {[%emt 0:0:0]} 43. Kg3 {[%emt 0:0:1]} Ke6 {[%emt 0:0:2]} 44. Kf4 {[%emt 0:0:7]} Rf8+ {[%emt 0:0:4]} 45. Ke4 {[%emt 0:0:2]} Rf2 {[%emt 0:0:14]} 46. Rb6+ {[%emt 0:0:2]
} Kf7 {[%emt 0:0:2]} 47. g3 {[%emt 0:0:24]} Re2+ {[%emt 0:0:0]} 48. Kd4 {[%emt 0:0:46]} Rd2+ {[%emt 0:0:19]} 49. Ke3 {[%emt 0:0:3]} Rd1 {[%emt 0:0:2]} 50. Rb7+ {[%emt 0:0:30]} Kg6 {[%emt 0:0:30]} 51. Ke4 {[%emt 0:0:1]
} Re1+ {[%emt 0:0:50]} 52. Kd5 {[%emt 0:0:5]} Rd1+ {[%emt 0:0:0]} 53. Ke6 {[%emt 0:1:6]} Rd3 {[%emt 0:0:1]} 54. Ke7 {[%emt 0:0:7]} Rxg3 {[%emt 0:0:55]} 55. e6 {[%emt 0:0:1]} Rxg5 {[%emt 0:1:21]} 56. Kf8 {[%emt 0:0:1]
} Re5 {[%emt 0:0:2]} 57. e7 {[%emt 0:1:18]} Re1 {[%emt 0:0:0]} 58. e8=Q+ {[%emt 0:0:8]} Rxe8+ {[%emt 0:0:1]} 59. Kxe8 {[%emt 0:0:1]
} h5 {[%emt 0:0:6]} 60. Rb5 {[%emt 0:2:1]} Kf6 {[%emt 0:0:13]} 61. Rxh5 {[%emt 0:0:26]
} g5 {[%emt 0:0:1]} 62. Kf8 {[%emt 0:0:30]} Kf5 {[%emt 0:0:0]} 63. Kg7 {[%emt 0:0:3]} Kf4 {[%emt 0:0:2]} 64. Kf6 {[%emt 0:0:22]} g4 {[%emt 0:0:7]} 65. Rf5+ {[%emt 0:0:16]} Ke3 {[%emt 0:0:2]} 66. Re5+ {[%emt 0:0:2]
} Kf2 {[%emt 0:0:34]} 67. Rf5+ {[%emt 0:0:1]} Ke2 {[%emt 0:0:0]} 68. Rg5 {[%emt 0:0:5]} Kf3 {[%emt 0:0:0]} 69. Rf5+ {[%emt 0:0:18]} Ke2 {[%emt 0:0:6]} 70. Re5+ {[%emt 0:0:9]} Kf3 {[%emt 0:0:1]} 71. Ra5 {[%emt 0:0:5]
} g3 {[%emt 0:0:9]} 72. Ra3+ {[%emt 0:0:1]} Kf2 {[%emt 0:0:0]} 73. Ra2+ {[%emt 0:0:4]} Kf3 {[%emt 0:0:3]} 74. Kf5 {[%emt 0:0:9]} g2 {[%emt 0:0:2]} 75. Rxg2 Kxg2 76. Ke4 1/2-1/2

[Event "FIDE World Rapid-ch Open 2018"]
[White "Roiz, Michael"]
[Black "Grischuk, Alexander"]
[Site "St. Petersburg"]
[Round "9.33"]
[Annotator "TA"]
[Result "0-1"]
[Date "2018.12.27"]
[WhiteElo "2605"]
[BlackElo "2771"]
[PlyCount "92"]

1. Nf3 {} Nf6 2. c4 g6 3. Nc3 Bg7 4. e4 d6 5. d4 0-0 6. Be2 e5 7. 0-0 c6 8. Qc2 exd4 {E94: King's Indian: Classical: 6 Be2
e5 7 0-0: Various Black 7th moves} 9. Nxd4 Re8 (9... Nbd7 10. Be3 Re8 11. Rad1 Qe7 12. f3 a6 13. Bf2 Ne5 14. Qd2 b5 15. Nc2 Be6 16. Qxd6 Qxd6 17. Rxd6 Nh5 18. cxb5 axb5 19. Be3 Bf8 {1/2-1/2 (35) Wojtaszek,R (2734)-Baklan,V (2594)
Chartres 2017} )10. Bg5 {LiveBook: 4 Games} Qe7 {White has an edge.} 11. Rad1 Na6 $146 ({Predecessor:} 11... Qe5 12. Nf3 Qe6 13. Rfe1 Nbd7 14. Nd4 Qe5 15. Nf3 Qe7 16. Qd2 Nc5 {0-1 (52) Shahade,G (2320)-Fishbein,A (2510) New York 1998} )12. f3 h6 13. Be3 Kh7 14. Rfe1 d5 15. cxd5 {[#] Threatens to win with Bxa6.} Nb4 16. Qd2 {Nb3 is the strong threat.} Nbxd5 17. Nxd5 Nxd5 18. Bf2 Nc7 19. Bc4 c5 20. Nb5 Nxb5 21. Bxb5 Rf8 22. Bc4 b6 23. b3 Be6 24. Bxe6 fxe6 25. Qd7 Rf7 26. Qxe7 ({Better is} 26. Qc6 $14 Qe8 27. Rd6 )Rxe7 $11 27. Rd3 Kg8 28. Kf1 Kf7 29. Ke2 Rc8 30. Rc1 Ke8 31. a4 Rd7 32. Rxd7 Kxd7 { Endgame
KRB-KRB} 33. a5 Kc6 34. axb6 axb6 35. b4 Ra8 36. bxc5 ({White should play} 36. Rc2 $11 )Ra2+ $15 37. Kf1 b5 38. e5 $2 { [#]} (38. Rb1 $15 )Bxe5 $19 39. Re1 Ra1 ({Stronger than} 39... Bxh2 40. g3 $14 (40. Rxe6+ Kd5 $11 ))40. Rxa1 Bxa1 {KB-KB} 41. Ke2 Bf6 42. Kd3 Kd5 43. Be3 h5 44. h3 Be7 45. Kc3 (45. c6 {was the only chance.} Kxc6 46. Kc2 )Bxc5 46. Bd2 b4+ {
Accuracy: White = 55%, Black = 70%.} 0-1

[Event "FIDE World Rapid-ch Open 2018"]
[White "Demidov, Mikhail"]
[Black "Jakovenko, Dmitry"]
[Site "St. Petersburg"]
[Round "9.34"]
[Annotator "RC"]
[Result "0-1"]
[Date "2018.12.27"]
[WhiteElo "2520"]
[BlackElo "2735"]
[PlyCount "86"]
[TimeControl "900+10"]

1. d4 {[%emt 0:0:0]} Nf6 {[%emt 0:0:0]} 2. Nf3 {[%emt 0:0:0]} e6 {[%emt 0:0:0]
} 3. c4 {[%emt 0:0:29]} b6 {[%emt 0:0:0]} 4. e3 {[%emt 0:0:0]} Bb7 {[%emt 0:0:3]} 5. Bd3 {[%emt 0:0:1]} d5 {[%emt 0:0:5]} 6. Nc3 {[%emt 0:0:6]
} Bd6 {[%emt 0:0:10]} 7. cxd5 {[%emt 0:0:8]} exd5 {[%emt 0:0:0]} 8. Qa4+ {[%emt 0:0:4]} Nbd7 {[%emt 0:1:32]} 9. Ba6 {[%emt 0:0:19]} Bxa6 {[%emt 0:0:5]} 10. Qxa6 {[%emt 0:0:2]} c6 {[%emt 0:0:40]} 11. 0-0 {[%emt 0:0:13]
} 0-0 {[%emt 0:0:2]} 12. b3 {[%emt 0:0:35]} Qe7 {[%emt 0:0:0]} 13. Bb2 {[%emt 0:0:26]} Rfc8 {[%emt 0:0:12]} 14. Rac1 {[%emt 0:0:23]} Rc7 {[%emt 0:0:2]} 15. Qd3 {[%emt 0:1:47]} Ne4 {[%emt 0:0:13]} 16. Rc2 {[%emt 0:0:28]
} Rac8 {[%emt 0:0:22]} 17. Rfc1 {[%emt 0:0:4]} Nf8 {[%emt 0:0:0]} 18. Ne2 {[%emt 0:1:32]} Ng6 {[%emt 0:0:10]} 19. Ng3 {[%emt 0:0:8]} Qe6 {[%emt 0:0:21]} 20. Ne2 {[%emt 0:1:53]} h6 {[%emt 0:0:15]} 21. a4 {[%emt 0:1:2]
} Qf5 {[%emt 0:0:8]} 22. Qd1 {[%emt 0:0:37]} Qe6 {[%emt 0:0:0]} 23. Qd3 {[%emt 0:0:44]} h5 {[%emt 0:2:37]} 24. a5 {[%emt 0:1:17]} b5 {[%emt 0:0:2]
} 25. Ne5 {[%emt 0:1:34]} Nxe5 {[%emt 0:1:35]} 26. dxe5 {[%emt 0:0:3]
} Bxe5 {[%emt 0:0:1]} 27. Bxe5 {[%emt 0:0:24]} Qxe5 {[%emt 0:0:0]} 28. Nd4 {[%emt 0:0:4]} Qd6 {[%emt 0:0:24]} 29. f3 {[%emt 0:3:27]} Nf6 {[%emt 0:0:2]} 30. Qf5 {[%emt 0:1:1]} a6 {[%emt 0:1:4]} 31. Qg5 {[%emt 0:0:21]
} c5 {[%emt 0:0:14]} 32. Nf5 {[%emt 0:0:2]} Qf8 {[%emt 0:0:0]} 33. h3 {[%emt 0:0:52]} c4 {[%emt 0:0:13]} 34. b4 {[%emt 0:0:11]} Nh7 {[%emt 0:0:53]
} 35. Qxh5 {[%emt 0:0:15]} Qxb4 {[%emt 0:0:6]} 36. Rd1 {[%emt 0:0:9]
} Rd8 {[%emt 0:1:0]} 37. Rcd2 {[%emt 0:0:13]} c3 {[%emt 0:0:0]} 38. Rxd5 {[%emt 0:0:1]} Rxd5 {[%emt 0:0:10]} 39. Rxd5 {[%emt 0:0:1]} c2 {[%emt 0:0:22]} 40. Rd8+ {[%emt 0:0:15]} Nf8 {[%emt 0:0:37]} 41. Qg5 {[%emt 0:0:15]
} c1=Q+ {[%emt 0:0:2]} 42. Kh2 {[%emt 0:0:1]} Qcc3 {[%emt 0:0:0]} 43. f4 {[%emt 0:0:21]} Qf6 {[%emt 0:0:10]} 0-1

[Event "FIDE World Rapid-ch Open 2018"]
[White "Tsydypov, Zhamsaran"]
[Black "Jobava, Baadur"]
[Site "St. Petersburg"]
[Round "9.35"]
[Annotator "ChessBase"]
[Result "0-1"]
[Date "2018.12.27"]
[WhiteElo "2529"]
[BlackElo "2627"]
[PlyCount "152"]
[TimeControl "900+10"]

1. Nf3 {[%emt 0:0:0]} Nf6 {[%emt 0:0:0]} 2. c4 {[%emt 0:0:0]} c6 {[%emt 0:0:0]
} 3. g3 {[%emt 0:0:8]} d5 {[%emt 0:0:0]} 4. b3 {[%emt 0:0:0]} Bf5 {[%emt 0:0:11]} 5. Bg2 {[%emt 0:0:6]} e6 {[%emt 0:0:2]} 6. 0-0 {[%emt 0:0:14]
} h6 {[%emt 0:0:3]} 7. Bb2 {[%emt 0:0:11]} Be7 {[%emt 0:0:2]
} 8. d3 {[%emt 0:0:11]} 0-0 {[%emt 0:0:1]} 9. Nbd2 {[%emt 0:0:2]} Bh7 {[%emt 0:0:2]
} 10. a3 {[%emt 0:0:6]} Nbd7 {[%emt 0:0:5]} 11. b4 {[%emt 0:0:0]} Re8 {[%emt 0:0:12]} 12. Qb3 {[%emt 0:0:37]} Bf8 {[%emt 0:0:2]} 13. Ne5 {[%emt 0:0:4]} Nxe5 {[%emt 0:0:26]} 14. Bxe5 {[%emt 0:0:4]} a5 {[%emt 0:0:30]
} 15. bxa5 {[%emt 0:2:28]} Qxa5 {[%emt 0:0:38]} 16. Bc3 {[%emt 0:0:4]
} Qc7 {[%emt 0:2:22]} 17. Rfb1 {[%emt 0:0:22]} Reb8 {[%emt 0:0:0]} 18. Rc1 {[%emt 0:1:14]} Nd7 {[%emt 0:0:15]} 19. Qb2 {[%emt 0:0:16]} Qd8 {[%emt 0:0:52]} 20. Nb3 {[%emt 0:0:51]} Ra4 {[%emt 0:1:2]} 21. Nd2 {[%emt 0:0:28]
} Ra7 {[%emt 0:1:34]} 22. a4 {[%emt 0:0:27]} b6 {[%emt 0:2:52]
} 23. Nb3 {[%emt 0:3:8]} Rba8 {[%emt 0:0:3]} 24. Nd4 {[%emt 0:0:15]} Nb8 {[%emt 0:0:1]
} 25. cxd5 {[%emt 0:1:58]} exd5 {[%emt 0:2:19]} 26. Qb3 {[%emt 0:0:21]
} Rd7 {[%emt 0:0:15]} 27. Rab1 {[%emt 0:0:21]} Ra6 {[%emt 0:0:0]} 28. a5 {[%emt 0:0:41]} Rb7 {[%emt 0:2:1]} 29. Nxc6 {[%emt 0:1:36]} Nxc6 {[%emt 0:0:3]} 30. Qxd5 {[%emt 0:1:41]} Qxd5 {[%emt 0:0:4]} 31. Bxd5 {[%emt 0:0:2]} b5 {[%emt 0:0:15]} 32. Bd2 {[%emt 0:0:11]} b4 {[%emt 0:0:0]} 33. Bxc6 {[%emt 0:1:22]} Rc7 {[%emt 0:0:1]} 34. Bd5 {[%emt 0:0:2]} Rxc1+ {[%emt 0:0:2]} 35. Rxc1 {[%emt 0:0:1]} Rxa5 {[%emt 0:0:1]} 36. e4 {[%emt 0:0:0]
} Bf5 {[%emt 0:0:28]} 37. Rc6 {[%emt 0:1:5]} Bh3 {[%emt 0:0:0]} 38. f3 {[%emt 0:0:10]} Bc5+ {[%emt 0:0:11]} 39. Rxc5 {[%emt 0:0:14]} Rxc5 {[%emt 0:0:2]} 40. Bxb4 {[%emt 0:0:1]} Rc2 {[%emt 0:0:1]} 41. Bd6 {[%emt 0:0:21]
} Rd2 {[%emt 0:0:34]} 42. Bc4 {[%emt 0:0:9]} g5 {[%emt 0:0:0]} 43. g4 {[%emt 0:0:15]} Kg7 {[%emt 0:0:10]} 44. Be5+ {[%emt 0:0:10]} Kg6 {[%emt 0:0:4]} 45. Bd6 {[%emt 0:0:7]} f6 {[%emt 0:0:7]} 46. Bc7 {[%emt 0:0:0]} Rc2 {[%emt 0:0:38]} 47. Bd6 {[%emt 0:0:4]} Bg2 {[%emt 0:0:15]} 48. f4 {[%emt 0:0:5]} Bxe4 {[%emt 0:0:8]} 49. fxg5 {[%emt 0:0:27]} hxg5 {[%emt 0:0:2]
} 50. Bg3 {[%emt 0:0:6]} Rc3 {[%emt 0:0:31]} 51. Be1 {[%emt 0:0:0]} Rc1 {[%emt 0:0:3]} 52. Kf2 {[%emt 0:0:1]} Bc6 {[%emt 0:0:10]} 53. Ke2 {[%emt 0:0:13]} Rc2+ {[%emt 0:0:3]} 54. Bd2 {[%emt 0:0:1]} Bd7 {[%emt 0:0:6]
} 55. h3 {[%emt 0:0:3]} f5 {[%emt 0:0:1]} 56. gxf5+ {[%emt 0:0:0]} Bxf5 {[%emt 0:0:2]} 57. Ke3 {[%emt 0:0:1]} Bxh3 {[%emt 0:0:4]} 58. Bd5 {[%emt 0:0:1]} Bf5 {[%emt 0:0:2]} 59. Be1 {[%emt 0:0:7]} Rc8 {[%emt 0:0:4]
} 60. Bc4 {[%emt 0:0:11]} Re8+ {[%emt 0:0:2]} 61. Kf2 {[%emt 0:0:2]
} Rd8 {[%emt 0:0:13]} 62. Ba5 {[%emt 0:0:4]} Rd7 {[%emt 0:0:0]} 63. Ke3 {[%emt 0:0:3]} Kh5 {[%emt 0:0:3]} 64. Bc3 {[%emt 0:0:11]} Kh4 {[%emt 0:0:14]} 65. Bf6 {[%emt 0:0:3]} Rd6 {[%emt 0:0:18]} 66. Be7 {[%emt 0:0:2]
} Rd7 {[%emt 0:0:3]} 67. Bf6 {[%emt 0:0:2]} Rc7 {[%emt 0:0:0]} 68. Kd4 {[%emt 0:0:11]} Ra7 {[%emt 0:0:24]} 69. Ke5 {[%emt 0:0:6]} Ra5+ {[%emt 0:0:2]} 70. Kd4 {[%emt 0:0:4]} Bd7 {[%emt 0:0:16]} 71. Ke4 {[%emt 0:0:22]
} Rf5 {[%emt 0:0:7]} 72. Be7 {[%emt 0:0:7]} Kh3 {[%emt 0:0:0]} 73. Bd5 {[%emt 0:0:44]} g4 {[%emt 0:0:12]} 74. Bb4 {[%emt 0:0:44]} g3 {[%emt 0:0:8]
} 75. Bc6 {[%emt 0:0:1]} Rf7 {[%emt 0:0:3]} 76. Bd5 {[%emt 0:0:0]} g2 {[%emt 0:0:6]} 0-1

[Event "FIDE World Rapid-ch Open 2018"]
[White "Riazantsev, Alexander"]
[Black "Gutenev, Alexander"]
[Site "St. Petersburg"]
[Round "9.36"]
[Annotator "ChessBase"]
[Result "1-0"]
[Date "2018.12.27"]
[WhiteElo "2649"]
[BlackElo "2456"]
[PlyCount "63"]
[TimeControl "900+10"]

1. d4 {[%emt 0:0:0]} Nf6 {[%emt 0:0:0]} 2. c4 {[%emt 0:0:0]} g6 3. Nc3 d5 {[%emt 0:0:0]} 4. cxd5 {[%emt 0:0:0]} Nxd5 {[%emt 0:0:0]} 5. e4 {[%emt 0:0:0]} Nxc3 {[%emt 0:0:0]} 6. bxc3 {[%emt 0:0:0]} Bg7 {[%emt 0:0:0]} 7. Bg5 {[%emt 0:0:0]} 0-0 {[%emt 0:0:32]} 8. Rc1 {[%emt 0:0:0]} c5 {[%emt 0:0:0]} 9. Nf3 {[%emt 0:0:0]} cxd4 {[%emt 0:0:35]} 10. cxd4 {[%emt 0:0:0]} Bg4 {[%emt 0:1:26]} 11. d5 {[%emt 0:0:2]} h6 {[%emt 0:0:41]} 12. Be3 {[%emt 0:0:15]
} e6 {[%emt 0:1:34]} 13. Bc4 {[%emt 0:1:50]} exd5 {[%emt 0:0:0]} 14. Bxd5 {[%emt 0:0:1]} Nc6 {[%emt 0:0:33]} 15. h3 {[%emt 0:0:1]} Be6 {[%emt 0:0:58]} 16. 0-0 {[%emt 0:0:50]} Re8 {[%emt 0:0:48]} 17. Qd2 {[%emt 0:1:11]
} Bxd5 {[%emt 0:1:8]} 18. exd5 {[%emt 0:0:7]} Ne7 {[%emt 0:0:0]} 19. d6 {[%emt 0:0:53]} Nf5 {[%emt 0:0:25]} 20. Bf4 {[%emt 0:0:1]} Re4 {[%emt 0:1:11]} 21. Rfe1 {[%emt 0:1:47]} Rxe1+ {[%emt 0:2:9]} 22. Rxe1 {[%emt 0:0:0]} Qd7 {[%emt 0:1:55]} 23. g4 {[%emt 0:0:13]} g5 {[%emt 0:0:0]} 24. Bh2 {[%emt 0:2:7]} Nh4 {[%emt 0:1:19]} 25. Nxh4 {[%emt 0:0:2]} gxh4 {[%emt 0:0:1]} 26. Re7 {[%emt 0:1:50]} Qc6 {[%emt 0:0:17]} 27. Rc7 {[%emt 0:0:1]
} Qb5 {[%emt 0:0:22]} 28. d7 {[%emt 0:1:7]} Rd8 {[%emt 0:0:0]} 29. Rc8 {[%emt 0:0:14]} Qb1+ {[%emt 0:0:10]} 30. Kg2 {[%emt 0:0:2]} Bf6 {[%emt 0:0:1]} 31. Bc7 {[%emt 0:0:45]} Qe4+ {[%emt 0:0:15]} 32. f3 {[%emt 0:0:18]
} 1-0